000 00882cab a2200205 4500
001 WB2924-68
008 090401t1993 xxu||||| |||| 00| 0 eng d
035 _a(Sirsi) u97511
041 _aeng
245 _aTransport planning guidance
260 _c1993
350 _a0
490 _aRICS Press Release
_v(PR130/93) 18 June 1993 (2)
520 _aThe Government`s draft planning policy guidance note om transport marks a major step forward in government thinking on the integration of land use and transport planning, but there is still an urgent need for a more sharply defined national transport policy within which local planning authorities can develop integrated transport policies according to the RICS.
650 _aDRAFT PLANNING POLICY GUIDANCE
650 _aPLANNING POLICY GUIDANCE
690 _aPLANNING LAW AND PRACTICE
942 _n0
948 _c04/03/1997
999 _c59629
_d59629